Welcome to WEB OPAC of MRSPTU Central Library

The ACE of Soft Skills : Attitude,Communication and Etiquette for Success (Record no. 7254)

MARC details
000 -LEADER
fixed length control field 00488nam a2200181Ia 4500
008 - FIXED-LENGTH DATA ELEMENTS--GENERAL INFORMATION
fixed length control field 230711s9999||||xx |||||||||||||| ||und||
020 ## - INTERNATIONAL STANDARD BOOK NUMBER
International Standard Book Number 978-81-317-3285-4
041 ## - LANGUAGE CODE
Language code of text/sound track or separate title ENG
082 ## - DEWEY DECIMAL CLASSIFICATION NUMBER
Classification number 372.6
Item number RA-T
100 ## - MAIN ENTRY--PERSONAL NAME
Personal name Ramesh,Gopalaswamy
245 #4 - TITLE STATEMENT
Title The ACE of Soft Skills : Attitude,Communication and Etiquette for Success
250 ## - EDITION STATEMENT
Edition statement 1st Ed.
260 ## - PUBLICATION, DISTRIBUTION, ETC.
Date of publication, distribution, etc. 2010
Place of publication, distribution, etc. New Delhi
Name of publisher, distributor, etc. Pearson
300 ## - PHYSICAL DESCRIPTION
Extent 456p.
650 ## - SUBJECT ADDED ENTRY--TOPICAL TERM
Topical term or geographic name entry element COMMUNICATION SKILL
700 ## - ADDED ENTRY--PERSONAL NAME
Personal name Ramesh,Mahadevan
942 ## - ADDED ENTRY ELEMENTS (KOHA)
Koha item type Book
Holdings
Withdrawn status Lost status Damaged status Not for loan Collection Home library Current library Date acquired Source of acquisition Cost, normal purchase price Inventory number Total checkouts Full call number Barcode Date last seen Price effective from Koha item type
          MRSPTU Central Library MRSPTU Central Library 10/02/2043 Krishna Book Distributors 609.00 KBD/2017-2018/1020443059   372.6 RA-T P581 08/17/2023 08/17/2023 Book
          MRSPTU Central Library MRSPTU Central Library 10/02/2043 Krishna Book Distributors 609.00 KBD/2017-2018/1020443059   372.6 RA-T P582 08/17/2023 08/17/2023 Book
          MRSPTU Central Library MRSPTU Central Library 10/02/2043 Krishna Book Distributors 609.00 KBD/2017-2018/1020443059   372.6 RA-T P583 08/17/2023 08/17/2023 Book
          MRSPTU Central Library MRSPTU Central Library 10/02/2043 Krishna Book Distributors 609.00 KBD/2017-2018/1020443059   372.6 RA-T P584 08/17/2023 08/17/2023 Book
          MRSPTU Central Library MRSPTU Central Library 10/02/2043 Krishna Book Distributors 609.00 KBD/2017-2018/1020443059   372.6 RA-T P585 08/17/2023 08/17/2023 Book

Website Designed and Developed by MRSPTU Central Library Team

E-mail Id: librarian@mrsptu.ac.in